The Portable Thoreau (Record no. 33054)

MARC details
000 -LEADER
fixed length control field 00256nam a2200109Ia 4500
082 ## - DEWEY DECIMAL CLASSIFICATION NUMBER
Classification number 82-3
Item number BOD
245 #4 - TITLE STATEMENT
Title The Portable Thoreau
260 ## - PUBLICATION, DISTRIBUTION, ETC. (IMPRINT)
Place of publication England
Name of publisher penguin
Year of publication 1975
700 ## - ADDED ENTRY--PERSONAL NAME
Personal name Bode, Carl
942 ## - ADDED ENTRY ELEMENTS (KOHA)
Koha item type Books
Holdings
Withdrawn status Lost status Damaged status Not for loan Home library Current library Date acquired Full call number Accession Number Koha item type
        RRII Library RRII Library 16/12/2021 82-3 BOD 13555 Books